Fides quaerens intellectum id est Proslogion, Liber gaunilonis pro insipiente atque Liber apologeticus contra gaunilonem / (Record no. 172548)

MARC details
000 -LEADER
campo de control de longitud fija 01014nam a2200253 i 4500
001 - NÚMERO DE CONTROL
campo de control 172548
003 - IDENTIFICADOR DE NÚMERO DE CONTROL
campo de control ES-MaACL
005 - FECHA Y HORA DE LA ÚLTIMA TRANSACCIÓN
campo de control 20250804054933.0
008 - DATOS DE LONGITUD FIJA--INFORMACIÓN GENERAL
campo de control de longitud fija 090716s1967 fr |||| | fre d
080 ## - NÚMERO DE LA CLASIFICACIÓN DECIMAL UNIVERSAL
Número de la Clasificación Decimal Universal 27-141
100 0# - ENTRADA PRINCIPAL--NOMBRE DE PERSONA
Nombre de persona Anselmo
Títulos y otros términos asociados al nombre Santo, Arzobispo de Canterbury.
9 (RLIN) 21838
245 10 - MENCIÓN DEL TÍTULO
Título Fides quaerens intellectum id est Proslogion, Liber gaunilonis pro insipiente atque Liber apologeticus contra gaunilonem /
Mención de responsabilidad, etc. Saint Anselme de Cantorbéry ; texte et traduction par Alexandre Koyré.
250 ## - MENCION DE EDICION
Mención de edición 4e ed.
260 ## - PUBLICACIÓN, DISTRIBUCIÓN, ETC.
Lugar de publicación, distribución, etc. Paris :
Nombre del editor, distribuidor, etc. Librairie Philosophique J. Vrin,
Fecha de publicación, distribución, etc. 1967.
300 ## - DESCRIPCIÓN FÍSICA
Extensión X, 97 p. ;
Dimensiones 18 cm.
490 1# - MENCIÓN DE SERIE
Mención de serie Bibliothèque des textes philosophiques
546 ## - NOTA DE IDIOMA
Nota de lengua/lenguaje Texto latino y traducción francesa.
650 04 - PUNTO DE ACCESO ADICIONAL DE MATERIA--TÉRMINO DE MATERIA
Término de materia o nombre geográfico como elemento de entrada Dios-
Subdivisión general Existencia
9 (RLIN) 11904
700 0# - ENTRADA AGREGADA--NOMBRE PERSONAL
Nombre de persona Koyré, Alexandre.
9 (RLIN) 68687
830 0# - PUNTO DE ACCESO ADICIONAL DE SERIE-TÍTULO UNIFORME
Título uniforme Bibliothèque des textes philosophiques
9 (RLIN) 182654
852 ## - LOCALIZACIÓN
Ubicación ES-MaACL
Número de control de estantería E-12868
itemnumber R.139210
Nota libre .- Biblioteca Jacinto Martínez Lacalle
Holdings
Estatus retirado Estado de pérdida Estado de daño No para préstamo Biblioteca de origen Biblioteca actual Ubicación en estantería Fecha de adquisición Fuente de adquisición Total de préstamos Signatura topográfica completa Código de barras Visto por última vez Precio de reemplazo Tipo de ítem Koha
        Biblioteca del Ateneo de Madrid Biblioteca del Ateneo de Madrid Depósito 2 16/07/2009     E-12868 1181075 23/02/2023 23/02/2023 Libro impreso